Revista de derecho privado y comunitario : contratos comerciales /

Guardado en:
Formato: Libro
Idioma:Spanish
Publicado: Santa Fe : Rubinzal - Culzoni, 2017
Edición:1a. ed. rev.
Materias:
Etiquetas: Agregar Etiqueta
Sin Etiquetas, Sea el primero en etiquetar este registro!
LEADER 00669nam a22002055a 4500
001 DER.der013579
008 180615s2017####ag#||||||||||||||#||spa||
005 20230609104714.0
245 1 0 |a Revista de derecho privado y comunitario :  |b contratos comerciales /  |c Alegría, Héctor. 
250 |a 1a. ed. rev. 
260 |a Santa Fe :  |b Rubinzal - Culzoni,  |c 2017 
300 |a 902 p. 
020 |a 9789873007644 
700 1 |a Alegría, Héctor,  |e dir. 
700 1 |a Mosset Iturraspe, Jorge,  |e dir. 
650 7 |a CONTRATO DE SUMUNISTRO 
650 7 |a CONTRATO DE AGENCIA 
650 7 |a CONTRATOS ASOCIATIVOS 
650 7 |a CONTRATO DE CONSECION 
859 |a DERECHO  |b BIB. DERECHO  |h 346  |i REV  |p 008602